MARC
| LEADER | 00000 a a2200000 04500 | ||
|---|---|---|---|
| 001 | 42652 | ||
| 003 | |||
| 040 | |||
| 245 | |a Bolivia: |b ante una larga y compleja batalla política | ||
| 650 | |a POLITICA | ||
| 650 | |a SOCIEDAD | ||
| 650 | |a DERECHA | ||
| 650 | |a MOVIMIENTOS SOCIALES | ||
| 650 | |a BOLIVIA | ||
| 773 | |g volumen4, número27 (1980) Página: 305 | ||
| 999 | |c 39257 |d 39257 | ||
| 773 | 0 | |0 42391 |9 3832 |a Agencia Latinoamericana de Información, ALAI |d Quito, Ecuador: ALAI |o 04456 |t ALAI: |x 08275564 (Servicio mensual de información y documentación) | |
